Pokémon (0001-1025 von A-Z) - Statistiken

Allgemein
  • Dieses Quiz wurde 103 mal gespielt
  • Das Durchschnittsergebnis liegt bei 302 aus 1025
Antwortstatistiken
Pokémon % Korrekt
Bisasam
88%
Glurak
85%
Glumanda
82%
Pikachu
82%
Bisaflor
73%
Evoli
70%
Glutexo
70%
Bisaknosp
67%
Flamara
67%
Kleinstein
67%
Mew
67%
Raichu
67%
Schiggy
67%
Schillok
67%
Turtok
67%
Aquana
64%
Mewtu
64%
Nachtara
64%
Arkani
61%
Arktos
61%
Fukano
61%
Blitza
58%
Lavados
58%
Taubsi
58%
Zapdos
58%
Abra
55%
Endivie
55%
Gengar
55%
Geowaz
55%
Karpador
55%
Onix
55%
Pichu
55%
Ponita
55%
Pummeluff
55%
Quapsel
55%
Quaputzi
55%
Tauboss
55%
Zubat
55%
Arbok
52%
Chaneira
52%
Digda
52%
Digdri
52%
Georok
52%
Golbat
52%
Goldini
52%
Habitak
52%
Hornliu
52%
Kadabra
52%
Knuddeluff
52%
Krabby
52%
Lapras
52%
Mauzi
52%
Quappo
52%
Rattfratz
52%
Simsala
52%
Tauboga
52%
Alpollo
48%
Austos
48%
Bibor
48%
Ditto
48%
Dragoran
48%
Gallopa
48%
Garados
48%
Ibitak
48%
Jugong
48%
Jurob
48%
Lugia
48%
Nebulak
48%
Nidoran♀
48%
Nidoran♂
48%
Owei
48%
Piepi
48%
Pixi
48%
Porygon
48%
Rattikarl
48%
Raupy
48%
Relaxo
48%
Rettan
48%
Smettbo
48%
Vulnona
48%
Vulpix
48%
Aerodactyl
45%
Dragonir
45%
Dratini
45%
Flemmli
45%
Folipurba
45%
Hoothoot
45%
Igelavar
45%
Iksbat
45%
Kangama
45%
Kokowei
45%
Kokuna
45%
Lahmus
45%
Machomei
45%
Marill
45%
Miltank
45%
Muschas
45%
Nidoking
45%
Nidoqueen
45%
Nidorina
45%
Omot
45%
Palkia
45%
Plinfa
45%
Plusle
45%
Porygon-Z
45%
Psiana
45%
Sandamer
45%
Sandan
45%
Schlurp
45%
Schwalbini
45%
Sichlor
45%
Smogmog
45%
Smogon
45%
Sterndu
45%
Traumato
45%
Bluzuk
42%
Damhirplex
42%
Dialga
42%
Dodri
42%
Dodu
42%
Elektek
42%
Enton
42%
Feelinara
42%
Flegmon
42%
Giratina
42%
Glaziola
42%
Golking
42%
Hypno
42%
Icognito
42%
Kabuto
42%
Kabutops
42%
Karnimani
42%
Kingler
42%
Lampi
42%
Machollo
42%
Menki
42%
Minun
42%
Perlu
42%
Pii
42%
Porygon2
42%
Rasaff
42%
Rotom
42%
Safcon
42%
Schwalboss
42%
Starmie
42%
Tragosso
42%
Traunfugil
42%
Voltobal
42%
Ambidiffel
39%
Amonitas
39%
Amoroso
39%
Ariados
39%
Azumarill
39%
Brutalanda
39%
Darkrai
39%
Despotar
39%
Entoron
39%
Felino
39%
Feurigel
39%
Fluffeluff
39%
Geckarbor
39%
Gewaldro
39%
Griffel
39%
Groudon
39%
Guardevoir
39%
Ho-Oh
39%
Hundemon
39%
Hunduster
39%
Jungglut
39%
Kicklee
39%
Knofensa
39%
Kramurx
39%
Laschoking
39%
Lektrobal
39%
Letarking
39%
Liebiskus
39%
Lorblatt
39%
Magmar
39%
Magnetilo
39%
Maschock
39%
Mogelbaum
39%
Morlord
39%
Nidorino
39%
Nockchan
39%
Pantimos
39%
Pinsir
39%
Porenta
39%
Sleimok
39%
Snobilikat
39%
Tauros
39%
Tornupto
39%
Trasla
39%
Voltilamm
39%
Xerneas
39%
Yveltal
39%
Zekrom
39%
Absol
36%
Ampharos
36%
Arceus
36%
Azurill
36%
Barschwa
36%
Celebi
36%
Chelterrar
36%
Heiteira
36%
Impoleon
36%
Kapoera
36%
Knogga
36%
Kyogre
36%
Larvitar
36%
Ledyba
36%
Libelldra
36%
Liliep
36%
Magneton
36%
Meganie
36%
Papinella
36%
Paras
36%
Pupitar
36%
Quaxo
36%
Qurtel
36%
Regice
36%
Regigigas
36%
Regirock
36%
Registeel
36%
Rihorn
36%
Sarzenia
36%
Seemon
36%
Seeper
36%
Sleima
36%
Tannza
36%
Tentacha
36%
Traunmagil
36%
Tyracroc
36%
Ultrigaria
36%
Voltenso
36%
Waaty
36%
Wailmer
36%
Webarak
36%
Woingenau
36%
Yanma
36%
Aalabyss
33%
Admurai
33%
Armaldo
33%
Baldorfish
33%
Blanas
33%
Blubella
33%
Bummelz
33%
Chelast
33%
Donphan
33%
Draschel
33%
Duflor
33%
Elevoltek
33%
Emolga
33%
Entei
33%
Ferkokel
33%
Flampion
33%
Floink
33%
Frizelbliz
33%
Galagladi
33%
Ganovil
33%
Giflor
33%
Girafarig
33%
Groink
33%
Hoppspross
33%
Hydropi
33%
Impergator
33%
Jirachi
33%
Kappalores
33%
Kirlia
33%
Lanturn
33%
Ledian
33%
Leufeo
33%
Lichtel
33%
Loturzel
33%
Lucario
33%
Lunastein
33%
Melmetal
33%
Meltan
33%
Monozyto
33%
Muntier
33%
Myrapla
33%
Noctuh
33%
Ottaro
33%
Panflam
33%
Panpyro
33%
Phanpy
33%
Pliprin
33%
Praktibalk
33%
Quajutsu
33%
Quiekel
33%
Raikou
33%
Remoraid
33%
Reptain
33%
Rizeros
33%
Rossana
33%
Seedraking
33%
Skelabra
33%
Sonnfel
33%
Sonnflora
33%
Stahlos
33%
Stolloss
33%
Stollunior
33%
Suicune
33%
Sumpex
33%
Tangela
33%
Tanhel
33%
Tentoxa
33%
Tohaido
33%
Ursaring
33%
Wiesor
33%
Yanmega
33%
Zwirrfinst
33%
Zwirrklop
33%
Zwirrlicht
33%
Zygarde
33%
Anorith
30%
Banette
30%
Barschuft
30%
Bauz
30%
Botogel
30%
Camaub
30%
Camerupt
30%
Chelcarain
30%
Deoxys
30%
Deponitox
30%
Drapfel
30%
Dummisel
30%
Dusselgurr
30%
eF-eM
30%
Elekid
30%
Farbeagle
30%
Flambirex
30%
Flamiau
30%
Fleknoil
30%
Frosdedje
30%
Fynx
30%
Gehweiher
30%
Glibunkel
30%
Granbull
30%
Hubelupf
30%
Isso
30%
Jiutesto
30%
Kaumalat
30%
Kecleon
30%
Keifel
30%
Kindwurm
30%
Knakrack
30%
Knarksel
30%
Kramshef
30%
Krebscorps
30%
Krebutack
30%
Kwaks
30%
Kyurem
30%
Laternecto
30%
Latias
30%
Latios
30%
Laukaps
30%
Lohgock
30%
Lombrero
30%
Lunala
30%
Luxio
30%
Luxtra
30%
Magbrant
30%
Magcargo
30%
Mampfaxo
30%
Mamutel
30%
Metagross
30%
Milotic
30%
Moorabbel
30%
Nasgnet
30%
Natu
30%
Octillery
30%
Ohrdoch
30%
Pachirisu
30%
Pandir
30%
Panekon
30%
Panferno
30%
Panzaeron
30%
Parasek
30%
Plaudagei
30%
Pudox
30%
Quabbel
30%
Rameidon
30%
Ramoth
30%
Rayquaza
30%
Regidrago
30%
Reshiram
30%
Rexblisar
30%
Robball
30%
Rollum
30%
Roselia
30%
Rotomurf
30%
Samurzel
30%
Scherox
30%
Schlurplek
30%
Schneckmag
30%
Seemops
30%
Selfe
30%
Sheinux
30%
Shuppet
30%
Skaraborn
30%
Skorgla
30%
Snubbull
30%
Sonnkern
30%
Spoink
30%
Stalobor
30%
Staraptor
30%
Stollrak
30%
Tengulist
30%
Togepi
30%
Togetic
30%
Toxiped
30%
Toxiquak
30%
Trikephalo
30%
Tuska
30%
UHaFnir
30%
Unratütox
30%
Vipitis
30%
Wailord
30%
Wiesenior
30%
Wingull
30%
Wonneira
30%
Wuffels
30%
Xatu
30%
Zytomega
30%
Akkup
27%
Algitt
27%
Altaria
27%
Amphizel
27%
Anego
27%
Apoquallyp
27%
Bidiza
27%
Bisofank
27%
Brigaron
27%
Bronzel
27%
Cerapendra
27%
Charmian
27%
Cresselia
27%
Dedenne
27%
Demeteros
27%
Driftlon
27%
Drifzepeli
27%
Dummimisel
27%
Duodino
27%
Echnatoll
27%
Eisenfalter
27%
Eisenkrieger
27%
Elezeba
27%
Felori
27%
Fennexis
27%
Fiffyen
27%
Firnontor
27%
Flampivian
27%
Fletiamo
27%
Flunkifer
27%
Flurmel
27%
Folikon
27%
Formeo
27%
Forstellka
27%
Frigometri
27%
Froxy
27%
Furnifraß
27%
Genesect
27%
Geradaks
27%
Gruff
27%
Haspiror
27%
Heatran
27%
Hopplo
27%
Igamaro
27%
Igastarnish
27%
Ignivor
27%
Irrbis
27%
Kapuno
27%
Karadonis
27%
Keldeo
27%
Kickerlo
27%
Kiesling
27%
Klikdiklak
27%
Klikk
27%
Kliklak
27%
Knacklion
27%
Knapfel
27%
Knilz
27%
Krabbox
27%
Kussilla
27%
Lauchzelot
27%
Liberlo
27%
Magby
27%
Magnezone
27%
Makabaja
27%
Mantax
27%
Mantirps
27%
Maskeregen
27%
Mauzinger
27%
Maxax
27%
Meditalis
27%
Meditie
27%
Meloetta
27%
Metang
27%
Mitodos
27%
Mollimorba
27%
Morbitesse
27%
Navitaub
27%
Noktuska
27%
Pamamo
27%
Pamo
27%
Pantimimi
27%
Papungha
27%
Pelipper
27%
Piccolente
27%
Picochilla
27%
Pionskora
27%
Pottrott
27%
Pyroleo
27%
Rabauz
27%
Relicanth
27%
Riffex
27%
Riolu
27%
Rutena
27%
Saganabyss
27%
Schallquap
27%
Schaloko
27%
Schlapfel
27%
Schlurm
27%
Schneppke
27%
Seejong
27%
Sengo
27%
Sesokitz
27%
Shaymin
27%
Skorgro
27%
Solgaleo
27%
Staralili
27%
Strawickl
27%
Teddiursa
27%
Tobutz
27%
Toxel
27%
Tropius
27%
Venuflibis
27%
Voldi
27%
Voltolos
27%
Voltula
27%
Voluminas
27%
Wablu
27%
Walraisa
27%
Waumpel
27%
Wielie
27%
Wolwerock
27%
Zapplalek
27%
Zapplarang
27%
Zarude
27%
Zebritz
27%
Zigzachs
27%
Zobiris
27%
Adebom
24%
Aeropteryx
24%
Affiti
24%
Agiluza
24%
Agoyon
24%
Amigento
24%
Aranestro
24%
Araqua
24%
Arktilas
24%
Arktip
24%
Backel
24%
Bailonda
24%
Baojian
24%
Bellektro
24%
Bithora
24%
Bollterus
24%
Boreos
24%
Branawarz
24%
Bronzong
24%
Burmadame
24%
Burmy
24%
Caesurio
24%
Castellith
24%
Chimpep
24%
Chimstix
24%
Chongjian
24%
Clavion
24%
Cosmog
24%
Cosmovum
24%
Cupidos
24%
Damythir
24%
Dartignis
24%
Dartiri
24%
Diancie
24%
Dinglu
24%
Duokles
24%
Efoserp
24%
Eguana
24%
Eisenblatt
24%
Eisenbündel
24%
Eisendorn
24%
Eisenhand
24%
Eisenrad
24%
Elezard
24%
Endynalos
24%
Epitaff
24%
Famieps
24%
Fasasnob
24%
Feliospa
24%
Fermicula
24%
Finneon
24%
Flabébé
24%
Flapteryx
24%
Flatterhaar
24%
Flauschling
24%
Floette
24%
Florges
24%
Fuentente
24%
Galapaflos
24%
Gelatini
24%
Geronimatz
24%
Golbit
24%
Golgantes
24%
Grillchita
24%
Grillmak
24%
Hariyama
24%
Hefel
24%
Hoopa
24%
Horrerba
24%
Hydragil
24%
Hypnomorba
24%
Irokex
24%
Kaguron
24%
Kanivanha
24%
Kapilz
24%
Kapu-Fala
24%
Kapu-Kime
24%
Kapu-Riki
24%
Kapu-Toro
24%
Kastadur
24%
Katagami
24%
Kikugi
24%
Kinoso
24%
Kleptifux
24%
Knospi
24%
Kobalium
24%
Kopplosio
24%
Koraidon
24%
Krakeelo
24%
Krarmor
24%
Krawell
24%
Krawumms
24%
Krokel
24%
Lepumentas
24%
Lithomith
24%
Lokroko
24%
Mabula
24%
Magnayen
24%
Makuhita
24%
Mamolida
24%
Marikeck
24%
Maskagato
24%
Matrifol
24%
Megalon
24%
Meistagrif
24%
Memmeon
24%
Mimigma
24%
Miraidon
24%
Mobai
24%
Moterpel
24%
Myriador
24%
Nagelotz
24%
Oghnatoll
24%
Palimpalim
24%
Pamomamo
24%
Paragoni
24%
Piondragi
24%
Polaross
24%
Primarene
24%
Puppance
24%
Pygraulon
24%
Rabigator
24%
Regieleki
24%
Rihornior
24%
Rokkaiman
24%
Roserade
24%
Salmagnis
24%
Schilterus
24%
Schlapor
24%
Schligda
24%
Schligdri
24%
Schmerbe
24%
Serpifeu
24%
Serpiroyal
24%
Shnebedeck
24%
Siberio
24%
Silvarro
24%
Snomnom
24%
Sodachita
24%
Sodamak
24%
Tandrak
24%
Tangoloss
24%
Terrakium
24%
Thanathora
24%
Togedemaru
24%
Typ:Null
24%
Ursaluna
24%
Vegichita
24%
Vegimak
24%
Vesprit
24%
Vibrava
24%
Victini
24%
Viridium
24%
Volbeat
24%
Voltrean
24%
Voltrel
24%
Wadribie
24%
Wattzapf
24%
Wolly
24%
Zacian
24%
Zamazenta
24%
Zapplardin
24%
Zeraora
24%
Zirpeise
24%
Zirpurze
24%
Zorua
24%
Zwieps
24%
Zwottronin
24%
Aggrostella
21%
Amagarga
21%
Amarino
21%
Amfira
21%
Arboretoss
21%
Axantor
21%
Azugladis
21%
Bähmon
21%
Balgoras
21%
Bamelin
21%
Bandelby
21%
Barrakiefa
21%
Beatori
21%
Benesaru
21%
Bidifas
21%
Bojelin
21%
Boninu
21%
Britzigel
21%
Brüllschweif
21%
Calamanero
21%
Cavalanzas
21%
Chevrumm
21%
Chillabell
21%
Coiffwaff
21%
Corasonn
21%
Coronospa
21%
Crimanzo
21%
Curelei
21%
Dakuma
21%
Donarion
21%
Donnersichel
21%
Durengard
21%
Eisenhals
21%
Eisenhaupt
21%
Elfun
21%
Eneco
21%
Enekoro
21%
Espinodon
21%
Farigiraf
21%
Fatalitcha
21%
Felilou
21%
Ferkuli
21%
Flunschlik
21%
Fragrunz
21%
Friedwuff
21%
Frubaila
21%
Fruyal
21%
Fuegro
21%
Gierspenst
21%
Gladiantri
21%
Gladimperio
21%
Gortrom
21%
Grypheldis
21%
Gufa
21%
Heerashai
21%
Honweisel
21%
Hutsassa
21%
Hydrapfel
21%
Illumise
21%
Imantis
21%
Intelleon
21%
Iscalar
21%
Kaocto
21%
Karippas
21%
Kleoparda
21%
Klibbe
21%
Klonkett
21%
Knarbon
21%
Knirfish
21%
Koknodon
21%
Kranoviz
21%
Kriechflügel
21%
Kronjuwild
21%
Kryppuk
21%
Kukmarda
21%
Lamellux
21%
Lextremo
21%
Lin-Fu
21%
Lumiflora
21%
Lumineon
21%
Lumispross
21%
Lusardin
21%
Magearna
21%
Mähikel
21%
Mangunior
21%
Manguspektor
21%
Maracamba
21%
Marshadow
21%
Masskito
21%
Mastifioso
21%
Mebrana
21%
Meikro
21%
Miezunder
21%
Milza
21%
Molunk
21%
Monetigo
21%
Mortcha
21%
Moruda
21%
Mottineva
21%
Muramura
21%
Necrozma
21%
Ogerpon
21%
Olangaar
21%
Peppeck
21%
Petznief
21%
Phantoross
21%
Pikuda
21%
Psiau
21%
Psiaugon
21%
Purmel
21%
Quartermak
21%
Relluk
21%
Sabbaione
21%
Sandfell
21%
Schabelle
21%
Schlingking
21%
Schlukwech
21%
Schluppuck
21%
Schnuthelm
21%
Sen-Long
21%
Servol
21%
Shardrago
21%
Sharfax
21%
Sirapfel
21%
Skallyk
21%
Snibunna
21%
Sniebel
21%
Somniam
21%
Somnivora
21%
Staravia
21%
Strepoli
21%
Suelord
21%
Swaroness
21%
Tarnpignon
21%
Terapagos
21%
Terribark
21%
Togekiss
21%
Trombork
21%
Trompeck
21%
Tukanon
21%
Venicro
21%
Viscargot
21%
Viscogon
21%
Viscora
21%
Volcanion
21%
Voltriant
21%
Washakwil
21%
Waumboll
21%
Weherba
21%
Wie-Shu
21%
Windewoge
21%
Wommel
21%
Wutpilz
21%
Yorkleff
21%
Yuyu
21%
Zoroark
21%
Zurrokex
21%
Zwollock
21%
Barrikadax
18%
Bissbark
18%
Brockoloss
18%
Bubungus
18%
Chilingel
18%
Choreogel
18%
Colossand
18%
Cottomi
18%
Cryospino
18%
Dressella
18%
Eisenfels
18%
Fatalitee
18%
Fiaro
18%
Forgita
18%
Frospino
18%
Frubberl
18%
Garstella
18%
Gaunux
18%
Gelatroppo
18%
Gelatwino
18%
Geosali
18%
Gorgasonn
18%
Gramokles
18%
Granforgita
18%
Grolldra
18%
Halupenjo
18%
Hokumil
18%
Infamomo
18%
Katapuldra
18%
Keilflamme
18%
Keradar
18%
Klingplim
18%
Klopptopus
18%
Kommandutan
18%
Kosturso
18%
Krawalloro
18%
Lecryodon
18%
Lectragon
18%
Lilminip
18%
Manaphy
18%
Mantidea
18%
Maritellit
18%
Meteno
18%
Micrick
18%
Mobtiff
18%
Monargoras
18%
Montecarbo
18%
Morpeko
18%
Mortipot
18%
Nigiragi
18%
Nincada
18%
Ninjask
18%
Ninjatom
18%
Olini
18%
Olithena
18%
Olivinio
18%
Pampross
18%
Pampuli
18%
Pantifrost
18%
Parfi
18%
Parfinesse
18%
Pelzebub
18%
Pescragon
18%
Pescryodon
18%
Phandra
18%
Phione
18%
Phlegleon
18%
Pokusan
18%
Psiopatra
18%
Pumpdjinn
18%
Puponcho
18%
Reißlaus
18%
Resladero
18%
Riesenzahn
18%
Rocara
18%
Saltigant
18%
Sanaconda
18%
Sankabuh
18%
Scampisto
18%
Sedimantur
18%
Sedisal
18%
Sensect
18%
Shnurgarst
18%
Skarabaks
18%
Skelokrok
18%
Skunkapuh
18%
Skuntank
18%
Spinsidias
18%
Sproxi
18%
Symvolara
18%
Tafforgita
18%
Tarundel
18%
Tectass
18%
Tentantel
18%
Tortunator
18%
Urgl
18%
Velursi
18%
Wagong
18%
Welsar
18%
Wulaosu
18%
Wummer
18%
Blipp
15%
Brimano
15%
Brimova
15%
Cottini
15%
Delfinator
15%
Flaminkno
15%
Flattutu
15%
Furienblitz
15%
Grandiras
15%
Hippopotas
15%
Hippoterus
15%
Infernopod
15%
Knattatox
15%
Knattox
15%
Koalelu
15%
Kubuin
15%
Kupfanti
15%
Mediras
15%
Miniras
15%
Normifin
15%
Pam-Pam
15%
Pandagro
15%
Patinaraja
15%
Silembrim
15%
Tentagra
15%
Tenterra
15%
Thermopod
15%
Vivillon
15%
Wampitz
15%
Duraludon
12%
Flaniwal
12%
Gastrodon
12%
Grebbit
12%
Humanolith
12%
Kamalm
12%
Kamehaps
12%
Kolowal
12%
Legios
12%
Mopex
12%
Raffel
12%
Salanga
12%
Schalellos
12%
Schlaraffel
12%
Scoppel
12%
Snieboss
12%
Briduradon
9%
Keine übereinstimmenden Quizze gefunden
Verteilung der Resultate
Anzahl Personen mit jedem Resultat
Perzentil nach korrekt beantworteten Fragen
Ihre Resultats-Entwicklung
Sie haben dieses Quiz noch nicht gespielt